| 000 | 01321 a2200337 4500 | ||
|---|---|---|---|
| 999 |
_c1561 _d1561 |
||
| 003 | CoMeUDC | ||
| 005 | 20220602125307.0 | ||
| 008 | 140129s2013 ck ||||fr|||| 00| 0 spa d | ||
| 020 | _a9789587670509 | ||
| 040 |
_aCO-BoUCM _bspa _cCO-UdeC _d[Nuevo] |
||
| 041 | _aspa | ||
| 082 | 0 | 4 |
_a346.022 _bR696 |
| 100 | 1 |
_aRodríguez Yong, Camilo Andrés _954484 |
|
| 245 | 1 | 4 |
_aUna aproximación a las cláusulas abusivas / _cCamilo Andrés Rodríguez Yong. |
| 260 |
_aBogotá : _bLegis, _bEditorial Universidad del Rosario, _c2013. |
||
| 300 |
_a121 p. : _c22 cm. |
||
| 490 | _aColección Precedentes Jurisprudenciales | ||
| 500 | _aTrabajo realizado en el marco del Grupo de Investigación de Derecho Privado de la Facultad de Jurisprudencia de la Universidad del Rosario. | ||
| 504 | _aIncluye referencias bibliográficas. | ||
| 505 | _aLa decisión judicial y las cláusulas abusivas -- De las cláusulas abusivas -- Conclusiones | ||
| 546 | _aEspañol. | ||
| 650 | 1 | 7 |
_911818 _aContratos |
| 650 | 2 | 7 |
_912422 _aCumplimiento de obligaciones |
| 650 | 2 | 7 |
_920655 _aObligaciones (Derecho) |
| 650 | 2 | 7 |
_923672 _aResponsabilidad contractual |
| 650 | 2 | 7 |
_9437 _aDerecho privado |
| 650 | 2 | 7 |
_aCláusulas (Derecho ) _911018 |
| 650 | 2 | 7 |
_aCondición (Derecho) _954885 |
| 690 |
_aDerecho civil _912711 |
||
| 942 | _cBK | ||